000 00308nam a2200133Ia 4500
005 20251222142023.0
008 251222s9999||||xx |||||||||||||| ||spa||
020 _a84-9784-046-1
082 _a791.433/F36D
100 _aFeldman, Simón
245 0 _aEl Director de Cine:
264 _bGedisa
942 _cLIB
999 _c10701
_d10701